000 01065pam a2200265 a 4500
001 1072334
003 NUST-PNEC
005 20170116180730.0
008 911125s1992 nyua b 001 0 eng
010 _a 91044475
020 _a0716782472
040 _aDLC
_cDLC
_dDLC
050 0 0 _aQA76.73.F25
_bE35 1992
082 0 0 _a005.133 EDG
100 1 _aEdgar, Stacey L.
245 1 0 _aFortran for the '90s : problem solving for scientists and engineers /
_cStacey L. Edgar.
260 _aNew York :
_bComputer Science Press,
_cc1992.
300 _axxx, 658 p. :
_bill. ;
_c24 cm.
504 _aIncludes bibliographical references and index.
650 0 _aFORTRAN (Computer program language)
_xComputer, MIS
856 _uhttp://www.amazon.com/Fortran-90s-Problem-Scientists-Engineers/dp/0716782472/ref=sr_1_1?s=books&ie=UTF8&qid=1415964821&sr=1-1&keywords=0716782472
906 _a7
_bcbc
_corignew
_d1
_eocip
_f19
_gy-gencatlg
942 _2ddc
_cBK
999 _c61771
_d61771